[Event "Sachsen-ch U14"]
[Site "Sebnitz"]
[Date "2005.03.30"]
[Round "3"]
[White "Possecker, Tom"]
[Black "Grohmann, Thomas"]
[Result "0-1"]
[WhiteElo "1097"]
[BlackElo "1170"]
[PlyCount "86"]
[EventDate "2005.03.29"]
[EventType "swiss"]
[EventRounds "7"]
[EventCountry "GER"]
[SourceTitle "EXT 2007"]
[Source "ChessBase"]
[SourceDate "2006.11.23"]
[SourceVersion "1"]
[SourceVersionDate "2006.11.23"]
[SourceQuality "1"]

1. e4 g6 2. Nc3 Bg7 3. Bc4 d6 4. Nf3 Nf6 5. d4 c6 6. d5 cxd5 7. exd5 0-0 8. Bg5 Re8 9. Qd2 e6 10. 0-0-0 e5 11. h4 Bf5 12. Rde1 Nbd7 13. Nb5 Nb6 14. Bb3 a6 15. Nc3 a5 16. h5 a4 17. Bxa4 Nxa4 18. Nxa4 Rxa4 19. a3 Ra8 20. Nh4 Bxc2 21. Kxc2 Qc7+ 22. Kb1 Nxh5 23. g3 Nf6 24. Rc1 Qd7 25. Ng2 Qf5+ 26. Ka2 Ne4 27. Qe3 Nxg5 28. Nh4 Qg4 29. f3 Nxf3 30. Nxf3 Qxg3 31. Rcg1 Qf4 32. Qf2 e4 33. Qh2 Qxh2 34. Nxh2 e3 35. Re1 Ra5 36. Ng4 Rxd5 37. Nxe3 Rde5 38. Rh3 d5 39. Nxd5 Rxe1 40. Nc7 R8e3 41. Rh2 R1e2 42. Rh1 Rxb2+ 43. Ka1 Rh2+ 0-1